00977nam a22002537a 450000100040000000500170000402000150002104000230003605000250005908200150008410000240009924501660012326000350028930000410032450500080036552001790037352100200055252100200057265000320059265000220062465000210064665000340066765000220070190820231110135030.0 a0439376114 aDLCcDLCdDLCbeng00aPZ7.P63123bCas 200300a813.542211 aPilkey, Dav,d1966-10aCaptain Underpants and the big, bad battle of the Bionic Booger Boy, part 2 :bthe revenge of the ridiculous Robo-Boogers : the seventh epic novel /cDav Pilkey. aNew York :bScholastic,c2004. a170 pages :billustrations ;c20 cm. aR  aGeorge, Harold, Captain Underpants, and Sulu the bionic hamster battle the three ridiculous Robo-Boogers in an attempt to turn the Bionic Booger Boy back into Melvin Sneedly. a710 bLexile  aR bRaz-Plus  1aSchool principalsvFiction. 1aSchoolsvFiction. 1aHeroesvFiction. 1aCartoons and comicsvFiction. 1aHumorous stories.